Statistiken für Humanbiologie

Klicken Sie hier um das Quiz zu spielen!

Allgemein

  • Dieses Quiz wurde 810 mal gespielt
  • Das Durchschnittsergebnis liegt bei 20 aus 30

Antwortstatistiken

FrageAntwort% Korrekt
Den kleinsten Knochen des Körpers findet man...?im Ohr
98%
Die Augenfarbe wird durch welche kreisförmige Struktur definiert?Iris
92%
Was ist der längste Knochen im Körper?Femur (Oberschenkelknochen)
90%
Es gibt drei Arten von Blutgefäßen: Arterien, Venen und ....?Kapillaren
89%
Wie viele Knochen sind im menschlichen Körper?206
87%
Die Patella ist die anatomische Bezeichnung für welchen Knochen?Kniescheibe
86%
Die DNA besteht aus 4 Basen: Adenin, Thymin, Guanin und...?Zytosin
85%
In welchem Teil der menschlichen Zelle findet man die DNA?Zellkern
84%
Präeklampsie ist ein potenziell schwerwiegender Zustand, der während was stattfindet?Schwangerschaft
82%
Was ist die härteste und am stärksten mineralisierte Substanz des Körpers?Zahnschmelz
80%
Welche Blutgruppe gilt als Universalspender?0-
77%
...und Menschen mit welcher Blutgruppe gelten als Universalempfänger?AB+
75%
Welches dieser Organe wird als rudimentäres Organ betrachtet?Blinddarm
75%
Was ist der größte Muskel im menschlichen Körper?Großer Gesäßmuskel
70%
Die Hepatozyte ist eine funktionelle Zelle welchen Organs?Leber
69%
Wofür steht REM?Rapid Eye Movement
68%
Myokardinfarkt ist der medizinische Begriff für was?Herzinfarkt
67%
Alveolen findet man in welchem Organ?Lunge
64%
Wenn jemand "Mastikation" betreit tut er was?Kauen
63%
Der Begriff "Leukämie" bedeutet wörtlich übersetzt?Weißes Blut
63%
Welches Körperteil beinhaltet die meisten Knochen?Arm (inkl. Hand)
60%
Welches ist das am häufigsten vorkommende Mineral im menschlichen Körper?Calcium
59%
Welche Zellen nennt man auch Thrombozyten?Blutplättchen
52%
Wenn Sie an Skorbut leiden, haben Sie einen Mangel an?Ascorbinsäure
51%
Wie lange zirkulieren die roten Blutkörperchen bei einem gesunden Menschen im Durchschnitt, bevor sie zerstört und recycelt werden?100-120 Tage
50%
Insulin ist ein Beispiel für was?Hormone
41%
Die Nebenniere liegt über welchem lebenswichtigen Organ?Niere
39%
Rachitis (Knochenkrankheit) wird durch einen Mangel an welchem Vitamin verursacht?D
31%
Wo findet man die Uvula?Kehle
24%
Malaria ist eine Infektionskrankheit, die durch welche Art von Erreger verursacht wird?Protozoa (Parasiten)
22%

Verteilung der Resultate

Perzentil nach korrekt beantworteten Fragen

Anzahl Personen mit jedem Resultat

Ihre Resultats-Entwicklung

Sie haben dieses Quiz noch nicht gespielt